| 000 | 00351nam a22001577a 4500 | ||
|---|---|---|---|
| 003 | OSt | ||
| 008 | 231127b |||||||| |||| 00| 0 eng d | ||
| 020 | _a9789355010537 | ||
| 082 | _a660.6 DUT | ||
| 100 | _aDUBEY,R.C | ||
| 245 | _aTEXTBOOK OF BIOTECHNOLOGY | ||
| 250 | _a5th | ||
| 260 |
_aNEW DELHI _bS.CHAND |
||
| 300 | _axiv,602 | ||
| 942 |
_2ddc _cBK |
||
| 999 |
_c12126 _d12126 |
||